000 00565nam a2200181Ia 4500
008 151202s9999||||xx |||||||||||||| ||und||
082 _bPNVM-45593
100 _aमहाजन सुलक्षणा.
245 _aजग बदललं !.
260 _bग्रंथाली प्रकाशन.
260 _c2004
300 _a105
600 _aमहाजन सुलक्षणा.
630 _aजग बदललं !.
700 _aमहाजन सुलक्षणा.
730 _aजग बदललं !.
942 _cBOOK
999 _c1311544
_d1311541